|
|
|
|
| LEADER |
00611cam a2200181 7i4500 |
| 001 |
0000026118 |
| 005 |
20110601090000.0 |
| 020 |
0 |
0 |
|a 9780872286023
|
| 090 |
0 |
0 |
|a P 381.13
|b MEN
|
| 245 |
0 |
0 |
|a Men's & boys' wear buyers 2011-12 edition.
|
| 260 |
0 |
0 |
|a Richmond:
|b The Salesman's Guide,
|c 2010.
|
| 300 |
# |
# |
|a 341 p.
|
| 650 |
0 |
0 |
|a Clothing --
|x Directories --
|z United States of America
|
| 650 |
0 |
0 |
|a Clothing --
|x Directories --
|z Canada
|
| 650 |
0 |
0 |
|a Clothing --
|x Directories --
|z New York
|
| 651 |
0 |
0 |
|a United States of America
|
| 651 |
0 |
0 |
|a Canada
|
| 999 |
|
|
|a B000028545
|b Directories
|c Countries
|e Business Information Centre
|